Countries with Multiple Large Metro Areas - Statistics

General Stats
  • This quiz has been taken 174 times
    88 since last reset
  • The average score is 24 of 28
Answer Stats
# of Metros Country % Correct
130 China
100%
59 India
100%
10 United Kingdom
100%
21 Brazil
98%
6 Canada
98%
6 France
98%
55 United States
98%
11 Germany
96%
16 Mexico
96%
16 Russia
96%
5 Spain
96%
5 Italy
95%
13 Japan
91%
5 Argentina
90%
5 Australia
90%
9 Pakistan
90%
8 Iran
89%
17 Indonesia
88%
11 Turkey
88%
7 Colombia
83%
15 Nigeria
80%
8 South Korea
79%
5 Ukraine
75%
5 Saudi Arabia
71%
5 D.R. Congo
69%
5 Iraq
68%
5 Venezuela
60%
6 Morocco
43%
No matching quizzes found
Score Distribution
Percent of People with Each Score
Percentile by Number Answered
Your Score History
You have not taken this quiz since the last reset